00979cam a22002417a 4500003000500000005001700005008004100022010001000063011001000073020001500083035001100098040000900109082001800118100003000136245016200166260019300328300004300521490003800564650003000602650003900632700002800671830003800699CHAP20220329142946.0050422d2003 id d r 00110 eng d a90156 a91128 a979931738X a101686 cCHAP04a338.17318bB600aBourgeóis, Robine, ed.10aDomestic supply and consumption patterns of coarse grains, pulses, roots and tuber crops in Asia and the Pacificc/ed. by Robin Bourgeois and Yannick Balerin aBogor, Ind. :bRegional Co-ordination Centre for Research and Development of Coarse Grains, Pulses, Roots and Tuber Crops in the Humid Tropics of Asia and the Pacific (CGPRT Centre),c2003 a90 p. :bgráfs. ; tablas ; diagramas 0aCGPRT Centre. Monographv; No. 4514aCerealesxAbastecimiento.14aTubérculos y cultivos de raíz.0 aBalerin, Yannicke, ed.00aCGPRT Centre. Monographv; No. 45